50 Biggest Cities in Ethiopia on a Blank Map - Statistics

General Stats
  • This quiz has been taken 955 times
    143 since last reset
  • The average score is 8 of 50
Answers on the Map
Answers color-coded by a green-red scale on the quiz's map according to % correct below.
 
Answer Stats
Answer Population % Correct
Addis Ababa 3 273 000
99%
Gondar 323 900
59%
Dire Dawa 277 000
58%
Harar 129 000
47%
Mek'ele 323 700
47%
Bahir Dar 243 300
41%
Awasa 300 100
37%
Aksum 66 800
36%
Adama 324 000
33%
Jijiga 159 300
33%
Jimma 177 900
29%
Arba Minch 142 900
21%
Debre Markos 97 800
21%
Dessie 187 900
21%
Gambela 66 100
19%
Nekemte 110 640
19%
Sodo 145 100
18%
Debre Birhan 102 100
15%
Debre Tabor 87 100
15%
Adigrat 86 100
14%
Bishoftu 147 100
14%
Hosaena 133 800
14%
Shashamane 147 800
12%
Adwa 60 500
11%
Gode 54 700
11%
Ambo 70 900
10%
Asbe Teferi 49 500
8%
Asela 99 000
8%
Weldiya 72 300
8%
Dila 112 900
7%
Negele 69 600
7%
Asosa 46 200
5%
Giyon 55 700
5%
Goba 47 100
5%
Alamata 49 800
4%
Burayu 71 900
4%
Butajira 63 800
4%
Irgalem 58 000
4%
Welkite 55 100
4%
Areka 60 000
3%
Arsi Negele 51 900
3%
Durame 46 800
3%
Kembolcha 91 800
3%
Mek'i 53 300
3%
Sebeta 72 600
3%
Tepi 47 400
3%
Inda Silase 70 800
1%
Robe 65 300
1%
Ziway 64 200
1%
K'olito 51 300
0%
No matching quizzes found
Score Distribution
Percent of People with Each Score
Percentile by Number Answered
Your Score History
You have not taken this quiz since the last reset